00332cam a22000737a 4500008004000000245014700040260006200187300000900249180718b1997 xxu||||| |||| 00| 0 eng d aVulnerability atlas of India:earthquake,windstrome and flood hazard and damage risk to housingcMinistry of urban affairs and employment,India aNew delhibMinistry of urban affairs and employmentc1997 av.p.